000 00861nam a2200241Ia 4500
003 Ost
005 20260507075407.0
008 260507s9999||||xx |||||||||||||| ||und||
020 _a7578059961
040 _cfsecg
041 _aara
082 _a330
100 _aساقور، عبد الله
_eمؤلف
245 0 _aالإقتصاد السياسي /
_c عبد الله ساقور
260 _aالجزائر:
_bدار العلوم,
_c2004
300 _a144 صفحة؛
_bإيضاحات ؛
_c24 سم
504 _aالمراجع ص.140
520 _aيضم أهمية التحليل الإقتصادي ، أساليب الإنتاج الإجتماعية ، مدارس التحليل الإقتصادي
653 _aالإقتصاد
653 _aالإقتصاد السياسي
653 _aالتحليل الإقتصادي
942 _cكتاب
999 _c44327
_d44327